<?xml version="1.0" encoding="UTF-8"?>
<record
    xmlns:xsi="http://www.w3.org/2001/XMLSchema-instance"
    xsi:schemaLocation="http://www.loc.gov/MARC21/slim http://www.loc.gov/standards/marcxml/schema/MARC21slim.xsd"
    xmlns="http://www.loc.gov/MARC21/slim">

  <leader>02138nam a2200385 i 4500</leader>
  <controlfield tag="001">32123</controlfield>
  <controlfield tag="003">ES-MaACL</controlfield>
  <controlfield tag="005">20251205120758.0</controlfield>
  <controlfield tag="007">qu</controlfield>
  <controlfield tag="008">030221s1885    sp g         |||| | spa d</controlfield>
  <datafield tag="080" ind1=" " ind2=" ">
    <subfield code="a">784.3/.4.089.6</subfield>
  </datafield>
  <datafield tag="245" ind1="0" ind2="0">
    <subfield code="a">Canciones [</subfield>
    <subfield code="h">M&#xFA;sica impresa] </subfield>
    <subfield code="b">: ejecutadas en las conferencias musicales del Ateneo Cient&#xED;fico, Literario y Art&#xED;stico de Madrid (1885).</subfield>
  </datafield>
  <datafield tag="260" ind1=" " ind2=" ">
    <subfield code="a">Madrid : </subfield>
    <subfield code="b">A. Romero, </subfield>
    <subfield code="c">[1885]</subfield>
  </datafield>
  <datafield tag="300" ind1=" " ind2=" ">
    <subfield code="a">1 partitura (11 p.) ; </subfield>
    <subfield code="c">32 cm.</subfield>
  </datafield>
  <datafield tag="505" ind1="8" ind2=" ">
    <subfield code="a">Contiene: Canci&#xF3;n del siglo XVI : sacada de la obra de Salinas (De musica libri septem) / ejecutada por la Srta. Ortiz ; Canci&#xF3;n del siglo XVI : sacada de la obra de Salinas (De musica libri septem) / ejecutada por la Srta. Lorenzo ; Canto popular de la huerta de Murcia / ejecutado por la Srta. Guidotti ; Canto de cuna / de Mozart ; ejecutado por la Srta. Guidotti ; La vieja / de Mozart ; cantada por la Srta. Ortiz</subfield>
  </datafield>
  <datafield tag="530" ind1=" " ind2=" ">
    <subfield code="a">Disponible en formato digital.</subfield>
  </datafield>
  <datafield tag="610" ind1="2" ind2="4">
    <subfield code="a">Ateneo de Madrid-</subfield>
    <subfield code="v">Veladas musicales.</subfield>
    <subfield code="9">1936</subfield>
  </datafield>
  <datafield tag="650" ind1=" " ind2="4">
    <subfield code="a">Canciones-</subfield>
    <subfield code="v">Partituras.</subfield>
    <subfield code="9">10721</subfield>
  </datafield>
  <datafield tag="650" ind1=" " ind2="4">
    <subfield code="a">Canciones con piano.</subfield>
    <subfield code="9">141417</subfield>
  </datafield>
  <datafield tag="700" ind1="1" ind2=" ">
    <subfield code="a">Salinas, Francisco, </subfield>
    <subfield code="d">1513-1590</subfield>
    <subfield code="9">174636</subfield>
  </datafield>
  <datafield tag="700" ind1="1" ind2=" ">
    <subfield code="a">Mozart, Wolfgang Amadeus, </subfield>
    <subfield code="d">1756-1791</subfield>
    <subfield code="9">240565</subfield>
  </datafield>
  <datafield tag="740" ind1="0" ind2="2">
    <subfield code="a">Canci&#xF3;n del siglo XVI.</subfield>
  </datafield>
  <datafield tag="740" ind1="0" ind2="2">
    <subfield code="a">De musica libri septem.</subfield>
  </datafield>
  <datafield tag="740" ind1="0" ind2="2">
    <subfield code="a">Canto popular de la huerta de Murcia.</subfield>
  </datafield>
  <datafield tag="740" ind1="0" ind2=" ">
    <subfield code="a">Canto de cuna.</subfield>
  </datafield>
  <datafield tag="740" ind1="3" ind2="2">
    <subfield code="a">La vieja.</subfield>
  </datafield>
  <datafield tag="852" ind1="4" ind2=" ">
    <subfield code="a">ES-MaACL</subfield>
    <subfield code="j">T-445-F-2</subfield>
  </datafield>
  <datafield tag="856" ind1="4" ind2=" ">
    <subfield code="u">http://bdh-rd.bne.es/viewer.vm?id=0000141720&amp;page=1 </subfield>
    <subfield code="z">Biblioteca Digital Hisp&#xE1;nica </subfield>
    <subfield code="z">(Canci&#xF3;n del siglo XVI)</subfield>
  </datafield>
  <datafield tag="856" ind1="4" ind2=" ">
    <subfield code="u">http://bdh-rd.bne.es/viewer.vm?id=0000141719&amp;page=1 </subfield>
    <subfield code="z">Biblioteca Digital Hisp&#xE1;nica </subfield>
    <subfield code="z">(Canci&#xF3;n del siglo XVI)</subfield>
  </datafield>
  <datafield tag="856" ind1="4" ind2=" ">
    <subfield code="u">http://bdh-rd.bne.es/viewer.vm?id=0000141704&amp;page=1 </subfield>
    <subfield code="z">Biblioteca Digital Hisp&#xE1;nica </subfield>
    <subfield code="z">(Canto popular de la huerta de Murcia)</subfield>
  </datafield>
  <datafield tag="856" ind1="4" ind2=" ">
    <subfield code="u">http://bdh-rd.bne.es/viewer.vm?id=0000141703&amp;page=1 </subfield>
    <subfield code="z">Biblioteca Digital Hisp&#xE1;nica </subfield>
    <subfield code="z">(Canto de cuna)</subfield>
  </datafield>
  <datafield tag="856" ind1="4" ind2=" ">
    <subfield code="u">http://bdh-rd.bne.es/viewer.vm?id=0000141701&amp;page=1 </subfield>
    <subfield code="z">Biblioteca Digital Hisp&#xE1;nica </subfield>
    <subfield code="z">(La vieja)</subfield>
  </datafield>
  <datafield tag="942" ind1=" " ind2=" ">
    <subfield code="2">udc</subfield>
  </datafield>
  <datafield tag="999" ind1=" " ind2=" ">
    <subfield code="c">32123</subfield>
    <subfield code="d">32123</subfield>
  </datafield>
  <datafield tag="952" ind1=" " ind2=" ">
    <subfield code="0">0</subfield>
    <subfield code="1">0</subfield>
    <subfield code="2">udc</subfield>
    <subfield code="4">0</subfield>
    <subfield code="7">0</subfield>
    <subfield code="8">Colecci&#xF3;n_de_folletos</subfield>
    <subfield code="a">ATENEOM</subfield>
    <subfield code="b">ATENEOM</subfield>
    <subfield code="c">DEPOF</subfield>
    <subfield code="d">2008-01-17</subfield>
    <subfield code="l">0</subfield>
    <subfield code="o">T-445-F-2</subfield>
    <subfield code="p">1033249</subfield>
    <subfield code="r">2023-02-23 00:00:00</subfield>
    <subfield code="w">2023-02-23</subfield>
    <subfield code="y">FOLLETOS</subfield>
  </datafield>
</record>
